Dimensions of freedom: an analysis (Record no. 423574)

000 -LEADER
fixed length control field 00339cam a22001217a 4500
008 - FIXED-LENGTH DATA ELEMENTS--GENERAL INFORMATION
fixed length control field 180718bss19 xxu||||| |||| 00| 0 eng d
082 ## - DEWEY DECIMAL CLASSIFICATION NUMBER
Classification number 2pC41 O
100 ## - MAIN ENTRY--PERSONAL NAME
Personal name Oppenheim, Felix E.
245 ## - TITLE STATEMENT
Title Dimensions of freedom: an analysis
Statement of responsibility, etc. by Felix E. Oppenheim
260 ## - PUBLICATION, DISTRIBUTION, ETC.
Place of publication, distribution, etc. New York
Name of publisher, distributor, etc. St. Martinメs Pre
Date of publication, distribution, etc. ss19
300 ## - PHYSICAL DESCRIPTION
Extent 6124
650 ## - SUBJECT ADDED ENTRY--TOPICAL TERM
Topical term or geographic name entry element p5Liber
Holdings
Withdrawn status Lost status Damaged status Not for loan Permanent Location Current Location Date acquired Full call number Barcode Date last seen Price effective from Koha item type
        Indian Institute of Public Administration Indian Institute of Public Administration 2009-09-04 C41 Op5 30250 2018-07-21 2018-07-21 Book

Powered by Koha